00470nam a22001697a 450000500170000001000150001702000260003203500140005803700090007208200140008110000170009524500660011225000060017826000360018427000590022030000210027920250519141514.0 aENG-144965 a9788193115335c750.00 aEN-128497 bDBAD a954.2121 aRamesh Singh aMadhya Pradesh:cRamesh SinghbThe Heart of Incredible India/ a1 aMumbaibJyoti publicationc2018 a4/121, Frances Seth Chawl Society RoadbMumbaie400056 a256p. c20cm(pb)